LIBRARY & INFORMATION CENTRE, KCAET, TAVANUR

ONLINE PUBLIC ACCESS CATALOGUE (OPAC)

Normal view MARC view
  • Dr. Sureshkumar P.K (Guide)

Entry Personal Name

Number of records used in: 1

001 - CONTROL NUMBER

  • control field: 3748

003 - CONTROL NUMBER IDENTIFIER

  • control field: OSt

005 - DATE AND TIME OF LATEST TRANSACTION

  • control field: 20181022134945.0

008 - FIXED-LENGTH DATA ELEMENTS

  • fixed length control field: 181022|| aca||aabn | a|a d

040 ## - CATALOGING SOURCE

  • Original cataloging agency: OSt
  • Transcribing agency: OSt

100 ## - HEADING--PERSONAL NAME

  • Personal name: Dr. Sureshkumar P.K (Guide)

670 ## - SOURCE DATA FOUND

  • Source citation: Work cat.: (OSt)14921: ASWATHI K 3719, Ergonomic investigations on hand arm vibration of brush cutter for the development of a vibration reducing aid
free website counter